Nouns of England-Sudden Death - Statistics

General Stats
  • This quiz has been taken 67 times
  • The average score is 5 of 10
Answers on the Grid
Answers color-coded by a green-red scale on the quiz's grid according to % correct below.
Manchester
Oxford
Cardiff
Glasgow
Keir Starmer
Llandudno
Perth
Daniel Radcliffe
Hampshire
New Hampshire
Helvellyn
River Trent
Penygader
River Liffey
Cork
Yorkshire Dales
Newry
Coleraine
Norwich
Rose Leslie
Annecy
Liam Neeson
Michael Collins
Brighton
 
Answer Stats
Answer % Correct
Manchester
93%
Oxford
83%
Keir Starmer
52%
Daniel Radcliffe
48%
Brighton
45%
Hampshire
43%
Norwich
43%
Yorkshire Dales
38%
River Trent
33%
Helvellyn
10%
No matching quizzes found
Score Distribution
Percent of People with Each Score
Percentile by Number Answered
Your Score History
You have not taken this quiz